[Event "11th LCC Super Blitz 2019"]
[Site "London"]
[Date "2019.12.08"]
[Round "9.1"]
[White "Watson, Mikey J"]
[Black "Howell, David Wl"]
[Result "0-1"]
[WhiteElo "1748"]
[BlackElo "2650"]
[Annotator "ChessBase"]
[PlyCount "102"]
[EventDate "2019.12.08"]
[EventType "swiss"]
[EventCountry "ENG"]
[SourceTitle "playchess.com"]
[Source "ChessBase"]
[SourceQuality "1"]
[TimeControl "180+2"]

1. e4 {[%emt 0:00:00]} d5 {[%emt 0:00:03]} 2. exd5 {[%emt 0:00:01]} Qxd5 {[%emt 0:00:01]} 3. Nf3 {[%emt 0:00:02]} Nf6 {[%emt 0:00:02]} 4. Nc3 {[%emt 0:00:01]} Qd6 {[%emt 0:00:01]} 5. Be2 {[%emt 0:00:01]} a6 {[%emt 0:00:01]} 6. O-O {[%emt 0:00:09]} b5 {[%emt 0:00:04]} 7. d4 {[%emt 0:00:09]} Bb7 {[%emt 0:00:02]} 8. Ne5 {[%emt 0:00:05]} e6 {[%emt 0:00:05]} 9. Bf3 {[%emt 0:00:02]} c6 {[%emt 0:00:27]} 10. Bf4 {[%emt 0:00:02]} Qd8 {[%emt 0:00:01]} 11. Re1 {[%emt 0:00:15]} Be7 {[%emt 0:00:02]} 12. Qd2 {[%emt 0:00:06]} O-O {[%emt 0:00:03]} 13. Rad1 {[%emt 0:00:01]} Qc8 {[%emt 0:00:19]} 14. Ne4 {[%emt 0:00:06]} Nxe4 {[%emt 0:00:11]} 15. Bxe4 {[%emt 0:00:02]} Nd7 {[%emt 0:00:01]} 16. Nxd7 {[%emt 0:00:13]} Qxd7 {[%emt 0:00:01]} 17. Re3 {[%emt 0:00:01]} Bf6 {[%emt 0:00:10]} 18. Rh3 {[%emt 0:00:13]} g6 {[%emt 0:00:10]} 19. Be5 {[%emt 0:00:07]} Bxe5 {[%emt 0:00:33]} 20. dxe5 {[%emt 0:00:15]} Qe7 {[%emt 0:00:02]} 21. Qh6 {[%emt 0:00:08]} f5 {[%emt 0:00:02]} 22. exf6 {[%emt 0:00:04]} Rxf6 {[%emt 0:00:01]} 23. Qe3 {[%emt 0:00:31]} Raf8 {[%emt 0:00:07]} 24. Rf3 {[%emt 0:00:02]} Kg7 {[%emt 0:00:17]} 25. g3 {[%emt 0:00:07]} R8f7 {[%emt 0:00:07]} 26. Re1 {[%emt 0:00:06]} Rxf3 {[%emt 0:00:06]} 27. Bxf3 {[%emt 0:00:02]} Qf6 {[%emt 0:00:00]} 28. Bg2 {[%emt 0:00:06]} Qxb2 {[%emt 0:00:12]} 29. Qxe6 {[%emt 0:00:07]} Qf6 {[%emt 0:00:06]} 30. f4 {[%emt 0:00:15]} c5 {[%emt 0:00:18]} 31. Bxb7 {[%emt 0:00:20]} Rxb7 {[%emt 0:00:02]} 32. Qe5 {[%emt 0:00:03]} c4 {[%emt 0:00:04]} 33. Kf2 {[%emt 0:00:06]} Rd7 {[%emt 0:00:00]} 34. Qxf6+ {[%emt 0:00:06]} Kxf6 {[%emt 0:00:01]} 35. Ke3 {[%emt 0:00:06]} Kf5 {[%emt 0:00:07]} 36. c3 {[%emt 0:00:02]} Rd3+ {[%emt 0:00:03]} 37. Kf2 {[%emt 0:00:03]} Rxc3 {[%emt 0:00:01]} 38. Re5+ {[%emt 0:00:04]} Kf6 {[%emt 0:00:01]} 39. Rc5 {[%emt 0:00:02]} Rc2+ {[%emt 0:00:03]} 40. Kf3 {[%emt 0:00:00]} Rxa2 {[%emt 0:00:01]} 41. Kg4 {[%emt 0:00:01]} h5+ {[%emt 0:00:01]} 42. Kh3 {[%emt 0:00:02]} Rb2 {[%emt 0:00:10]} 43. Rc6+ {[%emt 0:00:02]} Kf5 {[%emt 0:00:00]} 44. Rxa6 {[%emt 0:00:02]} c3 {[%emt 0:00:01]} 45. Rc6 {[%emt 0:00:02]} b4 {[%emt 0:00:01]} 46. Rc5+ {[%emt 0:00:02]} Ke4 {[%emt 0:00:01]} 47. Kh4 {[%emt 0:00:05]} Rxh2+ {[%emt 0:00:04]} 48. Kg5 {[%emt 0:00:00]} c2 {[%emt 0:00:03]} 49. Kxg6 {[%emt 0:00:02]} b3 {[%emt 0:00:01]} 50. Rc4+ {[%emt 0:00:04]} Kd3 {[%emt 0:00:02]} 51. Rc7 {[%emt 0:00:02]} b2 {[%emt 0:00:01]} 0-1

[Event "11th LCC Super Blitz 2019"]
[Site "London"]
[Date "2019.12.08"]
[Round "9.1"]
[White "Mohnblatt, Nicolas"]
[Black "Jones, Gawain C B"]
[Result "0-1"]
[WhiteElo "1689"]
[BlackElo "2683"]
[Annotator "TA"]
[PlyCount "49"]
[EventDate "2019.12.08"]
[EventType "swiss"]
[EventCountry "ENG"]
[SourceTitle "playchess.com"]
[Source "ChessBase"]
[SourceQuality "1"]

{[%evp 9,49,0,65,41,73,65,95,29,50,57,51,54,79,84,78,-89,-81,-66,-91,-81,-86,-491,-488,-1077,-1077,-1075,-1074,-1040,-1037,-1337,-792,-791,-791,-788,-788,-778,-781,-860,-841,-811,-797,-880]} 1. d4 Nf6 2. Nc3 d5 3. Bf4 g6 4. e3 Bg7 5. h4 Bg4 (5... c6 $11) (5... c6 6. Be2 Qb6 7. Rb1 h5 8. Nf3 Bg4 9. Ne5 Bxe2 10. Qxe2 Nbd7 11. Qf3 Qa6 {0-1 (32) Karjakin,S (2750)-Yu,Y (2752) Saint Louis 2019}) 6. Qd2 $146 {D00: 1 d4 d5: Unusual lines} (6. f3 {is interesting.} Be6 7. Qd2 O-O 8. O-O-O c6 9. Kb1) ({Predecessor:} 6. f3 Bf5 7. g4 Be6 8. h5 h6 9. hxg6 fxg6 10. Qd3 Kf7 11. Nh3 Nc6 {1-0 (27) Luz,A (2145)-De Freitas,J (1919) Sao Paulo 2018}) 6... c5 7. f3 Be6 8. g4 (8. dxc5 $16 O-O 9. O-O-O) 8... Nc6 9. h5 gxh5 10. gxh5 Rg8 11. Nb5 {Black must now prevent Nc7+.} Rc8 12. Bd3 $2 {[#]} (12. dxc5 $16 {and life is bright.} Nd7 13. c3) 12... a6 $1 $17 {[%cal Ra6b5]} 13. Nc3 cxd4 14. exd4 Nxd4 15. Be5 $2 {[%mdl 8192]} (15. O-O-O $17 {is a better chance.}) 15... Ne4 $19 {[%mdl 64] Discovered Attack. Black is clearly winning.} 16. Qh2 (16. Bxe4 $142 Bxe5 17. Bxh7 Rxg1+ {[%mdl 64] Remove Defender, Decoy} 18. Rxg1 Nxf3+ {[%mdl 64] Double Attack} 19. Ke2 Nxd2 20. Rg8+ Kd7 21. Rxd8+ Rxd8 22. Kxd2) 16... Bxe5 17. Qxe5 {[#]} Rxg1+ $1 {[%mdl 576] Remove Defender, Decoy} 18. Rxg1 Nxf3+ {[%mdl 64] Double Attack} 19. Ke2 Nxe5 20. Rg8+ Kd7 21. Rxd8+ Kxd8 22. Nxe4 Nxd3 23. Kxd3 dxe4+ 24. Kxe4 Rxc2 25. Kd4 {Accuracy: White = 25%, Black = 51%.} 0-1

[Event "11th LCC Super Blitz 2019"]
[Site "London"]
[Date "2019.12.08"]
[Round "9.2"]
[White "Grover, Sahaj"]
[Black "Zulfic, Fedja"]
[Result "1-0"]
[WhiteElo "2486"]
[BlackElo "2032"]
[Annotator "ChessBase"]
[PlyCount "77"]
[EventDate "2019.12.08"]
[EventType "swiss"]
[EventCountry "ENG"]
[SourceTitle "playchess.com"]
[Source "ChessBase"]
[SourceQuality "1"]
[TimeControl "180+2"]

1. e4 {[%emt 0:00:00]} c5 {[%emt 0:00:00]} 2. Nf3 {[%emt 0:00:01]} Nc6 {[%emt 0:00:00]} 3. Nc3 {[%emt 0:00:00]} g6 {[%emt 0:00:01]} 4. d4 {[%emt 0:00:02]} cxd4 {[%emt 0:00:02]} 5. Nxd4 {[%emt 0:00:01]} Bg7 {[%emt 0:00:00]} 6. Be3 {[%emt 0:00:06]} Nf6 {[%emt 0:00:03]} 7. Bc4 {[%emt 0:00:00]} d6 {[%emt 0:00:02]} 8. f3 {[%emt 0:00:02]} Bd7 {[%emt 0:00:01]} 9. Qd2 {[%emt 0:00:01]} Rc8 {[%emt 0:00:01]} 10. Bb3 {[%emt 0:00:01]} h5 {[%emt 0:00:02]} 11. O-O-O {[%emt 0:00:20]} Ne5 {[%emt 0:00:01]} 12. Kb1 {[%emt 0:00:11]} Nc4 {[%emt 0:00:04]} 13. Bxc4 {[%emt 0:00:01]} Rxc4 {[%emt 0:00:01]} 14. b3 {[%emt 0:00:32]} Rc8 {[%emt 0:00:07]} 15. Nd5 {[%emt 0:00:11]} a5 {[%emt 0:00:31]} 16. Bg5 {[%emt 0:00:12]} O-O {[%emt 0:00:29]} 17. Nxf6+ {[%emt 0:00:03]} exf6 {[%emt 0:00:02]} 18. Bh6 {[%emt 0:00:01]} a4 {[%emt 0:00:06]} 19. Bxg7 {[%emt 0:00:02]} Kxg7 {[%emt 0:00:02]} 20. Qb4 {[%emt 0:00:01]} axb3 {[%emt 0:00:06]} 21. axb3 {[%emt 0:00:04]} Bc6 {[%emt 0:00:16]} 22. Ne2 {[%emt 0:00:10]} Ra8 {[%emt 0:00:33]} 23. Rxd6 {[%emt 0:00:19]} Qe7 {[%emt 0:00:00]} 24. Qd4 {[%emt 0:00:08]} Ra6 {[%emt 0:00:18]} 25. Nc3 {[%emt 0:00:20]} Rfa8 {[%emt 0:00:01]} 26. Kb2 {[%emt 0:00:00]} Be8 {[%emt 0:00:30]} 27. Rd1 {[%emt 0:00:04]} b5 {[%emt 0:00:14]} 28. Rxa6 {[%emt 0:00:30]} Rxa6 {[%emt 0:00:01]} 29. Ra1 {[%emt 0:00:01]} Rd6 {[%emt 0:00:07]} 30. Nd5 {[%emt 0:00:01]} Qd8 {[%emt 0:00:04]} 31. Qc5 {[%emt 0:00:09]} Bc6 {[%emt 0:00:02]} 32. Nb4 {[%emt 0:00:04]} Bb7 {[%emt 0:00:06]} 33. Ra7 {[%emt 0:00:02]} Bc8 {[%emt 0:00:03]} 34. Qc7 {[%emt 0:00:01]} Be6 {[%emt 0:00:07]} 35. Qxd8 {[%emt 0:00:03]} Rxd8 {[%emt 0:00:01]} 36. Nd3 {[%emt 0:00:01]} f5 {[%emt 0:00:04]} 37. e5 {[%emt 0:00:04]} h4 {[%emt 0:00:02]} 38. Nf4 {[%emt 0:00:03]} h3 {[%emt 0:00:01]} 39. Nxe6+ {[%emt 0:00:01]} 1-0

[Event "11th LCC Super Blitz 2019"]
[Site "London"]
[Date "2019.12.08"]
[Round "9.2"]
[White "Willow, Jonah B"]
[Black "Klingher, Dominic"]
[Result "1-0"]
[WhiteElo "2355"]
[BlackElo "2071"]
[Annotator "NA"]
[PlyCount "76"]
[EventDate "2019.12.08"]
[EventType "swiss"]
[EventCountry "ENG"]
[SourceTitle "playchess.com"]
[Source "ChessBase"]
[SourceQuality "1"]
[TimeControl "180+2"]

1. e4 {[%emt 0:00:00]} e6 {[%emt 0:00:00]} 2. d4 {[%emt 0:00:04]} d5 {[%emt 0:00:01]} 3. Nd2 {[%emt 0:00:00]} Nf6 {[%emt 0:00:01]} 4. e5 {[%emt 0:00:01]} Nfd7 {[%emt 0:00:01]} 5. c3 {[%emt 0:00:00]} c5 {[%emt 0:00:00]} 6. f4 {[%emt 0:00:01]} Nc6 {[%emt 0:00:01]} 7. Ndf3 {[%emt 0:00:01]} Be7 {[%emt 0:00:07]} 8. Ne2 {[%emt 0:00:03]} a5 {[%emt 0:00:09]} 9. g3 {[%emt 0:00:06]} a4 {[%emt 0:00:01]} 10. Bg2 {[%emt 0:00:08]} a3 {[%emt 0:00:05]} 11. b3 {[%emt 0:00:02]} cxd4 {[%emt 0:00:03]} 12. cxd4 {[%emt 0:00:03]} f6 {[%emt 0:00:03]} 13. O-O {[%emt 0:00:04]} O-O {[%emt 0:00:03]} 14. Be3 {[%emt 0:00:17]} Qb6 {[%emt 0:00:03]} 15. Bf2 {[%emt 0:00:09]} Bb4 {[%emt 0:00:14]} 16. Rc1 {[%emt 0:00:08]} f5 {[%emt 0:00:18]} 17. Nc3 {[%emt 0:00:11]} Qa5 {[%emt 0:00:15]} 18. Na4 {[%emt 0:00:08]} b5 {[%emt 0:00:15]} 19. Nc5 {[%emt 0:00:28]} Nxc5 20. dxc5 {[%emt 0:00:01]} Bc3 {[%emt 0:00:09]} 21. Nd4 {[%emt 0:00:13]} Bd7 {[%emt 0:00:24]} 22. Ne2 {[%emt 0:00:18]} Bb2 {[%emt 0:00:05]} 23. Rc2 {[%emt 0:00:13]} Qc7 {[%emt 0:00:17]} 24. Qd2 {[%emt 0:00:07]} Qa7 {[%emt 0:00:22]} 25. Nd4 {[%emt 0:00:08]} Qc7 {[%emt 0:00:18]} 26. Nxb5 {[%emt 0:00:06]} Qb8 {[%emt 0:00:05]} 27. Nd4 {[%emt 0:00:18]} Nb4 {[%emt 0:00:03]} 28. c6 {[%emt 0:00:01]} Nxc2 {[%emt 0:00:05]} 29. Qxc2 {[%emt 0:00:03]} Rc8 {[%emt 0:00:08]} 30. Nxf5 {[%emt 0:00:12]} Be8 {[%emt 0:00:10]} 31. Ne7+ {[%emt 0:00:01]} Kh8 {[%emt 0:00:01]} 32. Nxc8 {[%emt 0:00:04]} Qxc8 {[%emt 0:00:00]} 33. f5 {[%emt 0:00:04]} Bxc6 {[%emt 0:00:05]} 34. f6 {[%emt 0:00:04]} gxf6 {[%emt 0:00:04]} 35. exf6 {[%emt 0:00:02]} Bxf6 {[%emt 0:00:03]} 36. Be3 {[%emt 0:00:08]} Bg7 {[%emt 0:00:02]} 37. Qf2 {[%emt 0:00:02]} Qd7 {[%emt 0:00:03]} 38. Bd4 {[%emt 0:00:01]} e5 {[%emt 0:00:48]} 1-0

[Event "11th LCC Super Blitz 2019"]
[Site "London"]
[Date "2019.12.08"]
[Round "9.2"]
[White "Bukojemski, Adam"]
[Black "Maze, Sebastien"]
[Result "0-1"]
[WhiteElo "2219"]
[BlackElo "2549"]
[Annotator "ChessBase"]
[PlyCount "84"]
[EventDate "2019.12.08"]
[EventType "swiss"]
[EventCountry "ENG"]
[SourceTitle "playchess.com"]
[Source "ChessBase"]
[SourceQuality "1"]
[TimeControl "180+2"]

1. e4 {[%emt 0:03:29]} c5 2. Nf3 {[%emt 0:00:02]} Nc6 {[%emt 0:00:01]} 3. b3 {[%emt 0:00:05]} d6 {[%emt 0:00:03]} 4. Bb2 {[%emt 0:00:01]} e5 5. c4 Bg4 {[%emt 0:00:10]} 6. h3 {[%emt 0:00:00]} Bxf3 {[%emt 0:00:00]} 7. Qxf3 {[%emt 0:00:03]} Nge7 {[%emt 0:00:08]} 8. g3 {[%emt 0:00:03]} h5 {[%emt 0:00:03]} 9. h4 {[%emt 0:00:03]} g6 {[%emt 0:00:02]} 10. Bh3 {[%emt 0:00:03]} Bh6 {[%emt 0:00:03]} 11. Nc3 {[%emt 0:00:08]} Nd4 {[%emt 0:00:02]} 12. Qd3 {[%emt 0:00:07]} O-O {[%emt 0:00:07]} 13. Ne2 {[%emt 0:00:06]} Nec6 {[%emt 0:00:22]} 14. Nxd4 {[%emt 0:00:01]} cxd4 {[%emt 0:00:02]} 15. a3 {[%emt 0:00:01]} a5 16. O-O {[%emt 0:00:05]} Rb8 {[%emt 0:00:06]} 17. Rae1 {[%emt 0:00:15]} Bg7 {[%emt 0:00:09]} 18. a4 {[%emt 0:00:00]} Nb4 {[%emt 0:00:02]} 19. Qb1 {[%emt 0:00:01]} Bh6 {[%emt 0:00:01]} 20. d3 {[%emt 0:00:00]} Bd2 {[%emt 0:00:07]} 21. Rd1 {[%emt 0:00:00]} Bh6 {[%emt 0:00:03]} 22. Ba3 {[%emt 0:00:09]} Qb6 {[%emt 0:00:01]} 23. Bxb4 {[%emt 0:00:02]} Qxb4 {[%emt 0:00:01]} 24. Qc2 {[%emt 0:00:04]} Ra8 {[%emt 0:00:03]} 25. f4 {[%emt 0:00:04]} Qc3 {[%emt 0:00:07]} 26. Qxc3 {[%emt 0:00:04]} dxc3 27. Rc1 exf4 28. gxf4 Bg7 {[%emt 0:00:01]} 29. f5 {[%emt 0:00:11]} Bd4+ {[%emt 0:00:03]} 30. Kg2 {[%emt 0:00:01]} Kg7 {[%emt 0:00:03]} 31. Kf3 {[%emt 0:00:04]} Ra6 {[%emt 0:00:02]} 32. Rc2 {[%emt 0:00:00]} Rb6 {[%emt 0:00:02]} 33. Rb1 Rb4 {[%emt 0:00:05]} 34. Rg2 {[%emt 0:00:09]} Kf6 {[%emt 0:00:11]} 35. Ke2 {[%emt 0:00:00]} c2 {[%emt 0:00:25]} 36. Rc1 Rxb3 37. Rxc2 Ra3 {[%emt 0:00:07]} 38. Rc1 {[%emt 0:00:02]} Rxa4 {[%emt 0:00:05]} 39. Rb1 {[%emt 0:00:09]} Ra2+ {[%emt 0:00:01]} 40. Kf3 {[%emt 0:00:02]} Rxg2 {[%emt 0:00:04]} 41. Kxg2 {[%emt 0:00:03]} a4 {[%emt 0:00:08]} 42. c5 {[%emt 0:00:18]} a3 {[%emt 0:00:05]} 0-1

[Event "11th LCC Super Blitz 2019"]
[Site "London"]
[Date "2019.12.08"]
[Round "9.3"]
[White "Adams, Michael"]
[Black "Kennedy, Craig"]
[Result "1-0"]
[WhiteElo "2701"]
[BlackElo "1899"]
[Annotator "TA"]
[PlyCount "49"]
[EventDate "2019.12.08"]
[EventType "swiss"]
[EventCountry "ENG"]
[SourceTitle "playchess.com"]
[Source "ChessBase"]
[SourceQuality "1"]

{[%evp 17,49,77,76,54,52,52,58,66,69,45,52,45,51,36,79,66,88,90,80,88,91,95,147,131,424,423,411,418,438,448,492,487,645,635]} 1. e4 e6 2. d4 d5 3. Nd2 dxe4 4. Nxe4 Nf6 5. Nxf6+ gxf6 6. Nf3 b6 7. Bb5+ c6 8. Bd3 Bb7 9. Qe2 Qc7 10. Bd2 {C10: French with 3 Nc3: Unusual Black 3rd moves and 3...dxe4} Nd7 11. O-O-O Bd6 12. Kb1 {White is slightly better.} O-O-O 13. Ba6 $146 ({Predecessor:} 13. Rhe1 Kb8 14. g3 h6 15. Be3 Nf8 16. Nd2 Qe7 17. Nc4 Bc7 {1-0 (44) Pogonina,N (2421)-Medic,M (2285) Fuegen 2006}) 13... Bxa6 14. Qxa6+ Qb7 15. Qe2 c5 16. Bc3 Rhg8 17. g3 cxd4 18. Nxd4 Kb8 19. Rhe1 {[#] And now Nxe6 would win.} Be5 (19... Nc5 $142) 20. f4 $16 Bd6 $2 {[%mdl 8192]} (20... Bxd4 $16 21. Bxd4 (21. Rxd4 Rc8 $16) 21... f5) 21. Nxe6 $18 fxe6 22. Rxd6 Qc7 23. Rxe6 {White is clearly winning.} Nc5 24. Rxf6 {[#] aiming for Be5.} Rge8 25. Be5 {Accuracy: White = 81%, Black = 33%.} 1-0

[Event "11th LCC Super Blitz 2019"]
[Site "London"]
[Date "2019.12.08"]
[Round "9.3"]
[White "Rowson, Jonathan"]
[Black "Wallace, John Paul"]
[Result "0-1"]
[WhiteElo "2561"]
[BlackElo "2344"]
[Annotator "ChessBase"]
[PlyCount "52"]
[EventDate "2019.12.08"]
[EventType "swiss"]
[EventCountry "ENG"]
[SourceTitle "playchess.com"]
[Source "ChessBase"]
[SourceQuality "1"]
[TimeControl "180+2"]

1. d4 {[%emt 0:01:19]} Nf6 2. c4 {[%emt 0:00:04]} g6 3. Nc3 {[%emt 0:00:01]} Bg7 4. e4 {[%emt 0:00:03]} d6 {[%emt 0:00:01]} 5. f3 O-O {[%emt 0:00:04]} 6. Be3 e5 {[%emt 0:00:09]} 7. Nge2 a6 {[%emt 0:00:05]} 8. Qd2 {[%emt 0:00:09]} Nbd7 {[%emt 0:00:17]} 9. d5 {[%emt 0:00:08]} Nh5 {[%emt 0:00:03]} 10. g4 {[%emt 0:00:06]} Nf4 11. Nxf4 {[%emt 0:00:02]} exf4 12. Bxf4 {[%emt 0:00:01]} h5 {[%emt 0:00:04]} 13. gxh5 {[%emt 0:00:13]} Qh4+ {[%emt 0:00:02]} 14. Bg3 {[%emt 0:00:01]} Qxh5 15. Be2 {[%emt 0:00:05]} Ne5 {[%emt 0:00:03]} 16. Qe3 {[%emt 0:00:45]} f5 {[%emt 0:00:32]} 17. Rg1 {[%emt 0:00:50]} b5 {[%emt 0:00:41]} 18. f4 {[%emt 0:00:28]} Ng4 {[%emt 0:00:06]} 19. Bxg4 {[%emt 0:00:04]} Qxg4 {[%emt 0:00:27]} 20. Bf2 {[%emt 0:00:11]} Qh5 {[%emt 0:00:02]} 21. Rg5 {[%emt 0:00:05]} Qh7 {[%emt 0:00:44]} 22. O-O-O {[%emt 0:00:03]} b4 {[%emt 0:00:01]} 23. Ne2 {[%emt 0:00:04]} fxe4 {[%emt 0:00:01]} 24. Rdg1 {[%emt 0:00:05]} Bf5 {[%emt 0:00:08]} 25. Ng3 {[%emt 0:00:01]} Bf6 {[%emt 0:00:08]} 26. Rxf5 {[%emt 0:00:14]} gxf5 {[%emt 0:00:23]} 0-1

[Event "11th LCC Super Blitz 2019"]
[Site "London"]
[Date "2019.12.08"]
[Round "9.3"]
[White "Aravindh, Chithambaram Vr"]
[Black "Toh, Q Kane"]
[Result "1-0"]
[WhiteElo "2560"]
[BlackElo "1606"]
[Annotator "ChessBase"]
[PlyCount "43"]
[EventDate "2019.12.08"]
[EventType "swiss"]
[EventCountry "ENG"]
[SourceTitle "playchess.com"]
[Source "ChessBase"]
[SourceQuality "1"]
[TimeControl "180+2"]

1. d4 {[%emt 0:00:00]} Nf6 {[%emt 0:00:00]} 2. Nf3 {[%emt 0:00:01]} g6 {[%emt 0:00:00]} 3. c4 {[%emt 0:00:01]} Bg7 {[%emt 0:00:01]} 4. Nc3 {[%emt 0:00:01]} d6 {[%emt 0:00:00]} 5. e4 {[%emt 0:00:02]} O-O {[%emt 0:00:02]} 6. Be2 {[%emt 0:00:01]} c5 {[%emt 0:00:03]} 7. d5 {[%emt 0:00:03]} e6 {[%emt 0:00:05]} 8. O-O {[%emt 0:00:02]} exd5 {[%emt 0:00:01]} 9. exd5 {[%emt 0:00:02]} Re8 {[%emt 0:00:10]} 10. Bf4 {[%emt 0:00:06]} Ne4 {[%emt 0:00:17]} 11. Nxe4 {[%emt 0:00:02]} Rxe4 {[%emt 0:00:01]} 12. Bg5 {[%emt 0:00:11]} Qc7 {[%emt 0:00:17]} 13. Bd3 {[%emt 0:00:03]} Re8 {[%emt 0:00:02]} 14. Re1 {[%emt 0:00:03]} Bd7 {[%emt 0:00:39]} 15. Nd2 {[%emt 0:00:26]} f6 {[%emt 0:00:28]} 16. Bf4 {[%emt 0:00:06]} Na6 {[%emt 0:00:03]} 17. Ne4 {[%emt 0:00:02]} Nb4 {[%emt 0:00:31]} 18. Bxd6 {[%emt 0:00:20]} Qa5 {[%emt 0:00:07]} 19. Nxc5 {[%emt 0:00:10]} Rxe1+ {[%emt 0:00:17]} 20. Qxe1 {[%emt 0:00:02]} Re8 {[%emt 0:00:02]} 21. Qd2 {[%emt 0:00:09]} Bc8 {[%emt 0:00:28]} 22. Nb3 {[%emt 0:00:04]} 1-0

[Event "11th LCC Super Blitz 2019"]
[Site "London"]
[Date "2019.12.08"]
[Round "9.4"]
[White "Arkell, Keith C"]
[Black "Rishi, Thariani"]
[Result "1-0"]
[WhiteElo "2453"]
[BlackElo "2008"]
[Annotator "ChessBase"]
[PlyCount "77"]
[EventDate "2019.12.08"]
[EventType "swiss"]
[EventCountry "ENG"]
[SourceTitle "playchess.com"]
[Source "ChessBase"]
[SourceQuality "1"]
[TimeControl "180+2"]

1. d4 {[%emt 0:00:00]} d5 {[%emt 0:00:00]} 2. Nf3 {[%emt 0:00:01]} c6 {[%emt 0:00:01]} 3. c4 {[%emt 0:00:01]} e6 {[%emt 0:00:00]} 4. cxd5 {[%emt 0:00:02]} exd5 {[%emt 0:00:01]} 5. Nc3 {[%emt 0:00:01]} f5 {[%emt 0:00:06]} 6. Bg5 {[%emt 0:00:04]} Nf6 {[%emt 0:00:02]} 7. Ne5 {[%emt 0:00:01]} Bd6 {[%emt 0:00:07]} 8. f4 {[%emt 0:00:02]} O-O {[%emt 0:00:08]} 9. e3 {[%emt 0:00:01]} Nbd7 {[%emt 0:00:02]} 10. Bd3 {[%emt 0:00:01]} Nb6 {[%emt 0:00:08]} 11. O-O {[%emt 0:00:04]} Qe8 {[%emt 0:00:06]} 12. Rc1 {[%emt 0:00:13]} Ne4 {[%emt 0:00:04]} 13. Nxe4 {[%emt 0:00:08]} fxe4 {[%emt 0:00:02]} 14. Be2 {[%emt 0:00:01]} Be6 {[%emt 0:00:20]} 15. Bh5 {[%emt 0:00:02]} Qc8 {[%emt 0:00:16]} 16. Qd2 {[%emt 0:00:09]} Nd7 {[%emt 0:00:10]} 17. Qf2 {[%emt 0:00:12]} Nf6 {[%emt 0:00:01]} 18. Be2 {[%emt 0:00:07]} Bxe5 {[%emt 0:00:39]} 19. fxe5 {[%emt 0:00:13]} Ng4 {[%emt 0:00:03]} 20. Qg3 {[%emt 0:00:01]} Rxf1+ {[%emt 0:00:13]} 21. Rxf1 {[%emt 0:00:01]} h6 {[%emt 0:00:02]} 22. Be7 {[%emt 0:00:06]} Qd7 {[%emt 0:00:01]} 23. Bd6 {[%emt 0:00:01]} h5 {[%emt 0:00:19]} 24. h3 {[%emt 0:00:01]} Nh6 {[%emt 0:00:01]} 25. Bxh5 {[%emt 0:00:03]} Kh8 {[%emt 0:00:26]} 26. Bg6 {[%emt 0:00:05]} b6 {[%emt 0:00:08]} 27. b4 {[%emt 0:00:04]} a5 {[%emt 0:00:01]} 28. a3 {[%emt 0:00:01]} axb4 {[%emt 0:00:00]} 29. axb4 {[%emt 0:00:00]} Ra2 {[%emt 0:00:01]} 30. Rf8+ {[%emt 0:00:05]} Bg8 {[%emt 0:00:00]} 31. Qh4 {[%emt 0:00:29]} Qe6 {[%emt 0:00:03]} 32. Bf5 {[%emt 0:00:20]} Ra1+ {[%emt 0:00:07]} 33. Kh2 {[%emt 0:00:01]} g5 {[%emt 0:00:12]} 34. Qxg5 {[%emt 0:00:16]} Nxf5 {[%emt 0:00:01]} 35. Rxf5 {[%emt 0:00:11]} Ra8 {[%emt 0:00:06]} 36. Rf6 {[%emt 0:00:02]} Qd7 {[%emt 0:00:03]} 37. Rh6+ {[%emt 0:00:06]} Bh7 {[%emt 0:00:00]} 38. Be7 {[%emt 0:00:05]} Rg8 {[%emt 0:00:01]} 39. Bf6+ {[%emt 0:00:01]} 1-0

[Event "11th LCC Super Blitz 2019"]
[Site "London"]
[Date "2019.12.08"]
[Round "9.4"]
[White "Tanmay Chopra"]
[Black "Stepanyan, Henrik"]
[Result "1-0"]
[WhiteElo "2100"]
[BlackElo "2193"]
[Annotator "NA"]
[PlyCount "81"]
[EventDate "2019.12.08"]
[EventType "swiss"]
[EventCountry "ENG"]
[SourceTitle "playchess.com"]
[Source "ChessBase"]
[SourceQuality "1"]
[TimeControl "180+2"]

1. d4 {[%emt 0:00:00]} d5 {[%emt 0:00:00]} 2. c4 {[%emt 0:00:00]} e6 {[%emt 0:00:00]} 3. Nc3 {[%emt 0:00:01]} c5 {[%emt 0:00:00]} 4. e3 {[%emt 0:00:04]} Nc6 {[%emt 0:00:00]} 5. Nf3 {[%emt 0:00:01]} Nf6 {[%emt 0:00:00]} 6. a3 {[%emt 0:00:00]} a6 {[%emt 0:00:07]} 7. dxc5 {[%emt 0:00:02]} Bxc5 {[%emt 0:00:01]} 8. b4 {[%emt 0:00:01]} Be7 {[%emt 0:00:04]} 9. cxd5 {[%emt 0:00:03]} exd5 {[%emt 0:00:01]} 10. Bb2 {[%emt 0:00:01]} O-O {[%emt 0:00:02]} 11. Be2 {[%emt 0:00:04]} Be6 {[%emt 0:00:17]} 12. Nd4 {[%emt 0:00:07]} Nxd4 {[%emt 0:00:09]} 13. Qxd4 {[%emt 0:00:02]} Ne8 {[%emt 0:00:09]} 14. Rd1 {[%emt 0:00:06]} Bf6 {[%emt 0:00:04]} 15. Qd2 {[%emt 0:00:01]} Nc7 {[%emt 0:00:21]} 16. Bf3 {[%emt 0:00:03]} Rc8 {[%emt 0:00:17]} 17. O-O {[%emt 0:00:06]} Bxc3 {[%emt 0:00:18]} 18. Qxc3 {[%emt 0:00:02]} Qg5 {[%emt 0:00:00]} 19. h4 {[%emt 0:00:15]} Qh6 {[%emt 0:00:16]} 20. Qe5 {[%emt 0:00:04]} Rfd8 {[%emt 0:00:17]} 21. Rd2 {[%emt 0:00:17]} Nb5 {[%emt 0:00:13]} 22. Rfd1 {[%emt 0:00:06]} Nd6 {[%emt 0:00:15]} 23. Bxd5 {[%emt 0:00:14]} Nc4 {[%emt 0:00:01]} 24. Bxc4 {[%emt 0:00:07]} Rxd2 {[%emt 0:00:01]} 25. Rxd2 {[%emt 0:00:01]} Bxc4 {[%emt 0:00:02]} 26. Qc7 {[%emt 0:00:05]} Re8 {[%emt 0:00:26]} 27. Qxc4 {[%emt 0:00:04]} Qg6 {[%emt 0:00:00]} 28. Qd4 {[%emt 0:00:13]} f6 {[%emt 0:00:09]} 29. h5 {[%emt 0:00:06]} Qb1+ {[%emt 0:00:05]} 30. Kh2 {[%emt 0:00:01]} b5 {[%emt 0:00:18]} 31. Qd7 {[%emt 0:00:09]} Rf8 {[%emt 0:00:02]} 32. Qd3 {[%emt 0:00:05]} Qa2 {[%emt 0:00:03]} 33. h6 {[%emt 0:00:03]} Qf7 {[%emt 0:00:03]} 34. hxg7 {[%emt 0:00:04]} Qh5+ {[%emt 0:00:01]} 35. Kg1 {[%emt 0:00:01]} Kxg7 {[%emt 0:00:01]} 36. Qd5 {[%emt 0:00:11]} Qg6 {[%emt 0:00:03]} 37. Qf3 {[%emt 0:00:07]} Qb1+ {[%emt 0:00:02]} 38. Kh2 {[%emt 0:00:01]} Rf7 {[%emt 0:00:02]} 39. Qg3+ {[%emt 0:00:05]} Kf8 {[%emt 0:00:03]} 40. Rd8+ {[%emt 0:00:02]} Ke7 {[%emt 0:00:00]} 41. Qd6# {[%emt 0:00:00]} 1-0